[Event "Anapa Sea Harbor Cup Blitz"]
[Site "Anapa"]
[Date "2021.06.13"]
[Round "13"]
[White "Goganov, Aleksey"]
[Black "Bagdasarov, Vitalij A"]
[Result "1-0"]
[WhiteElo "2581"]
[BlackElo "2201"]
[PlyCount "59"]
[EventDate "2021.06.13"]
[EventType "swiss (blitz)"]
[EventRounds "13"]
[EventCountry "RUS"]
[SourceTitle "CBM 202 Extra"]
[Source "ChessBase"]
[SourceDate "2021.07.31"]
[SourceVersion "1"]
[SourceVersionDate "2021.07.31"]
[SourceQuality "1"]

1. d4 Nf6 2. c4 d6 3. Nc3 Nbd7 4. e4 e5 5. Nf3 Be7 6. Be2 0-0 7. 0-0 c6 8. Be3 Re8 9. d5 a5 10. Nd2 h6 11. a3 Nh7 12. b4 Bg5 13. Bxg5 Qxg5 14. dxc6 bxc6 15. Nb3 Re6 16. Nxa5 Rg6 17. g3 f5 18. Nxc6 Kh8 19. exf5 Qxf5 20. Ne7 Qf7 21. Nxg6+ Qxg6 22. Bd3 Qg5 23. Be4 Ra6 24. b5 Rb6 25. a4 Nhf6 26. a5 Rb8 27. a6 Nxe4 28. Nxe4 Qg6 29. Re1 Nf8 30. Qxd6 1-0

[Event "Anapa Sea Harbor Cup Rapid"]
[Site "Anapa"]
[Date "2021.06.11"]
[Round "3"]
[White "Sarana, Alexey"]
[Black "Bagdasarov, Vitalij A"]
[Result "1-0"]
[WhiteElo "2640"]
[BlackElo "2201"]
[PlyCount "47"]
[EventDate "2021.06.11"]
[EventType "swiss (rapid)"]
[EventRounds "9"]
[EventCountry "RUS"]
[SourceTitle "CBM 202 Extra"]
[Source "ChessBase"]
[SourceDate "2021.07.31"]
[SourceVersion "1"]
[SourceVersionDate "2021.07.31"]
[SourceQuality "1"]

1. e4 c5 2. Nf3 e6 3. Nc3 a6 4. g3 Nc6 5. Bg2 Nf6 6. 0-0 d6 7. d4 cxd4 8. Nxd4 Bd7 9. Be3 Ne5 10. Qe2 Rc8 11. Rad1 Qc7 12. f4 Nc4 13. Bc1 Qc5 14. Kh1 h5 15. h3 b5 16. Rd3 b4 17. b3 Ne5 18. fxe5 dxe5 19. Be3 exd4 20. Bxd4 Qg5 21. e5 bxc3 22. exf6 Bb5 23. Qf3 g6 24. Qb7 1-0

[Event "Sunny Beach op 10th"]
[Site "Sunny Beach"]
[Date "2011.09.01"]
[Round "6"]
[White "Bagdasarov, Vitalij A"]
[Black "Panbukchian, Valentin"]
[Result "1-0"]
[WhiteElo "2158"]
[BlackElo "2381"]
[PlyCount "81"]
[EventDate "2011.08.27"]
[EventType "swiss"]
[EventRounds "9"]
[EventCountry "BUL"]
[SourceTitle "CBM 144 Extra"]
[Source "ChessBase"]
[SourceDate "2011.10.28"]
[SourceVersion "1"]
[SourceVersionDate "2011.10.28"]
[SourceQuality "1"]

1. d4 f5 2. c4 Nf6 3. Nc3 d6 4. Nf3 g6 5. g3 Bg7 6. Bg2 0-0 7. 0-0 Nc6 8. d5 Na5 9. Nd2 c5 10. Rb1 a6 11. a3 Ng4 12. Qc2 Ne5 13. b3 Qc7 14. e3 Rb8 15. a4 Bd7 16. Bb2 Rfc8 17. f4 Ng4 18. Rbe1 b5 19. axb5 axb5 20. cxb5 Nf6 21. e4 fxe4 22. Ndxe4 Bxb5 23. Nxb5 Rxb5 24. Bh3 Rcb8 25. Be6+ Kh8 26. Ng5 Rxb3 27. Nf7+ Kg8 28. Ba1 Ra3 29. f5 Rxa1 30. Rxa1 Nb3 31. Ra4 Qb6 32. Nxd6+ Kf8 33. Nc4 Qb5 34. Qa2 Ne8 35. fxg6+ Bf6 36. gxh7 Kg7 37. Ne3 Nd4 38. Nf5+ Nxf5 39. Rg4+ Kxh7 40. Bxf5+ Kh8 41. Qd2 1-0

[Event "Sunny Beach op 10th"]
[Site "Sunny Beach"]
[Date "2011.08.31"]
[Round "5"]
[White "Svoboda, Frantisek"]
[Black "Bagdasarov, Vitalij A"]
[Result "0-1"]
[WhiteElo "1775"]
[BlackElo "2158"]
[PlyCount "48"]
[EventDate "2011.08.27"]
[EventType "swiss"]
[EventRounds "9"]
[EventCountry "BUL"]
[SourceTitle "CBM 144 Extra"]
[Source "ChessBase"]
[SourceDate "2011.10.28"]
[SourceVersion "1"]
[SourceVersionDate "2011.10.28"]
[SourceQuality "1"]

1. d4 Nf6 2. Nf3 c5 3. c3 b6 4. Bg5 Bb7 5. dxc5 bxc5 6. Qb3 Qc7 7. Nbd2 Nc6 8. e4 e6 9. Be2 Be7 10. e5 Nd5 11. Bxe7 Ndxe7 12. Nc4 0-0 13. Nd6 Rab8 14. 0-0 Ba8 15. Nb5 Qa5 16. Qc4 a6 17. Nd6 Rxb2 18. Qd3 Qc7 19. Qxa6 Ng6 20. Rfd1 Ncxe5 21. Nxe5 Nxe5 22. Bb5 c4 23. Nxc4 Nxc4 24. Rxd7 Qc5 0-1

[Event "Sunny Beach op 10th"]
[Site "Sunny Beach"]
[Date "2011.08.30"]
[Round "4"]
[White "Bagdasarov, Vitalij A"]
[Black "Klima, Lukas"]
[Result "0-1"]
[WhiteElo "2158"]
[BlackElo "2349"]
[PlyCount "84"]
[EventDate "2011.08.27"]
[EventType "swiss"]
[EventRounds "9"]
[EventCountry "BUL"]
[SourceTitle "CBM 144 Extra"]
[Source "ChessBase"]
[SourceDate "2011.10.28"]
[SourceVersion "1"]
[SourceVersionDate "2011.10.28"]
[SourceQuality "1"]

1. d4 Nf6 2. Nf3 c5 3. c3 b6 4. Bf4 Bb7 5. e3 Nh5 6. Bxb8 Rxb8 7. Ne5 Nf6 8. Bc4 e6 9. 0-0 Be7 10. f4 0-0 11. Nd2 d6 12. Nef3 b5 13. Bd3 b4 14. e4 d5 15. e5 Ne4 16. cxb4 c4 17. Bc2 Bc6 18. a3 a5 19. Qe1 axb4 20. axb4 Rxb4 21. Nxe4 dxe4 22. Bxe4 Bxe4 23. Qxe4 Rxb2 24. Ra7 c3 25. Rc1 Bb4 26. Ng5 g6 27. Nxf7 Qh4 28. Ng5 Qf2+ 29. Kh1 Rxf4 30. Rg7+ Kxg7 31. Nxe6+ Kh6 32. Nxf4 c2 33. g4 Be7 34. Nd3 Qd2 35. h4 Bxh4 36. g5+ Bxg5 37. Qf3 Qe3 38. Qxe3 Bxe3 39. Nxb2 Bxc1 40. Nd3 Ba3 41. e6 Kg7 42. d5 Kf6 0-1